Fleshing Out the Self : Reimagining Intersexed and Trans Embodied Lives Through (auto)biographical Accounts of the Past.

Bibliographic Details
Main Author: Holm, Marie-Louise.
Format: eBook
Language:English
Published: Linköping : Linkopings Universitet, 2017.
Edition:1st ed.
Series:Linköping Studies in Arts and Sciences Series
Subjects:
Online Access:Click to View
LEADER 02827nam a22003853i 4500
001 EBC4866701
003 MiAaPQ
005 20240729202202.0
006 m o d |
007 cr cnu||||||||
008 240729s2017 xx o ||||0 eng d
020 |a 9789176855515  |q (electronic bk.) 
035 |a (MiAaPQ)EBC4866701 
035 |a (Au-PeEL)EBL4866701 
035 |a (CaPaEBR)ebr11391050 
035 |a (OCoLC)988867405 
040 |a MiAaPQ  |b eng  |e rda  |e pn  |c MiAaPQ  |d MiAaPQ 
100 1 |a Holm, Marie-Louise. 
245 1 0 |a Fleshing Out the Self :  |b Reimagining Intersexed and Trans Embodied Lives Through (auto)biographical Accounts of the Past. 
250 |a 1st ed. 
264 1 |a Linköping :  |b Linkopings Universitet,  |c 2017. 
264 4 |c {copy}2017. 
300 |a 1 online resource (426 pages) 
336 |a text  |b txt  |2 rdacontent 
337 |a computer  |b c  |2 rdamedia 
338 |a online resource  |b cr  |2 rdacarrier 
490 1 |a Linköping Studies in Arts and Sciences Series ;  |v v.712 
505 0 |a Intro -- Contents -- Acknowledgements -- Prelude: On reading, singing, and writing the voices of others -- Preface: How this research project emerged -- Part I: Introduction -- Part II - A delicate endeavour: Developing an analytical approach which acknowledges intersex and trans experiences -- 1 Trans and intersex as contested subjectsin feminist activism and research -- 2 Rethinking analytical approaches in intersections between queer, trans, and intersex studies -- 3 Analytical tools and practices of the thesis -- Part III - Fleshing out the self:R earticulating life stories, multiplying perspectives -- 4 Two life stories rearticulated -- 5 The context of the production of the autobiographical accounts -- Abbreviations used for referencing archival material -- 6 The case of Vigga Heidi - Viggo Klausen -- 6.1 Autobiography -- 6.2 Negotiations and decisions -- 7 The case of Peter Ole - Petra Oda Fischer -- 7.1 Autobiography -- 7.2 Negotiations -- 7.3 Decisions -- 8 Epilogue: Medico-legal criteria for granting a change of gendersex status after Klausen's and Fischer's cases -- 9 Conclusion: Lived lives, liveable lives -- Bibliography -- Unpublished archival sources -- Appendix. 
588 |a Description based on publisher supplied metadata and other sources. 
590 |a Electronic reproduction. Ann Arbor, Michigan : ProQuest Ebook Central, 2024. Available via World Wide Web. Access may be limited to ProQuest Ebook Central affiliated libraries.  
655 4 |a Electronic books. 
776 0 8 |i Print version:  |a Holm, Marie-Louise  |t Fleshing Out the Self  |d Linköping : Linkopings Universitet,c2017 
797 2 |a ProQuest (Firm) 
830 0 |a Linköping Studies in Arts and Sciences Series 
856 4 0 |u https://ebookcentral.proquest.com/lib/matrademy/detail.action?docID=4866701  |z Click to View